000 01070nam0a22002411 4500
001 rc\334867
005 20260406184340.0
035 _a(NLR Aleph) 005569961
090 _a6001364
_c6001364
100 _a20030307d1989 |||y0rusy50 ca
101 0 _arus
102 _aRU
105 _aa |||||||||
200 1 _aИНТЕНСИВНЫЕ факторы экономического роста: политико-экономический аспект
_e[Сб. ст.]
_fАкад. обществ. наук при ЦК КПСС. Каф. полит. экономии
_g[Отв. ред. д. э. н., проф. Голосов В.В. и др.]
210 _aМ.
_cАОН
_d1989
215 _a178 с.
_cсхем.
_d19
702 1 _aГолосов
_bВ.В.
_gВладимир Викторович
_4340
712 0 2 _aАкадемия общественных наук
_cМосква
_bКафедра политической экономии
_3RU\NLR\AUTH\889949711
_9395107
801 0 _aRU
_bNLR
_gpsbo
801 1 _aRU
_bELAR
_2rusmarc
852 _aNLR
_j89-3/10609
942 _cBOOK
980 _aNB